Men at war : (Record no. 549311)

000 -LEADER
fixed length control field 00680pam a2200193 i 4500
020 ## - INTERNATIONAL STANDARD BOOK NUMBER
International Standard Book Number 051702084X
082 00 - DEWEY DECIMAL CLASSIFICATION NUMBER
Classification number 808.83
Author Mark HEM
-- L-30, P-120
100 1# - MAIN ENTRY--PERSONAL NAME
Personal name Hemingway, Ernest,
9 (RLIN) 45909
245 10 - TITLE STATEMENT
Title Men at war :
Remainder of title the best war stories of all time
Statement of responsibility, etc. edited with an introd. by Ernest Hemingway ; based on a plan by William Kozlenko.
250 ## - EDITION STATEMENT
Edition statement Bramhall 1979 ed.
260 ## - PUBLICATION, DISTRIBUTION, ETC.
Place of publication, distribution, etc. New York :
Name of publisher, distributor, etc. Bramhall House,
Date of publication, distribution, etc. [1979] c1942.
300 ## - PHYSICAL DESCRIPTION
Extent xxvii, 1072 p. ;
Dimensions 24 cm.
526 ## - STUDY PROGRAM INFORMATION NOTE
Program name 0
Interest level 0
Reading level 0
Title point value 808_830000000000000_HEM
526 ## - STUDY PROGRAM INFORMATION NOTE
Program name 0
Interest level 0
Reading level 0
Title point value 808_830000000000000_HEM
526 ## - STUDY PROGRAM INFORMATION NOTE
Program name 0
Interest level 0
Reading level 0
Title point value 808_830000000000000_HEM
650 #0 - SUBJECT ADDED ENTRY--TOPICAL TERM
Topical term or geographic name entry element MCE
9 (RLIN) 379
650 #0 - SUBJECT ADDED ENTRY--TOPICAL TERM
Topical term or geographic name entry element War stories.
9 (RLIN) 45910
942 ## - ADDED ENTRY ELEMENTS (KOHA)
Source of classification or shelving scheme
Koha item type Book
Holdings
Withdrawn status Lost status Source of classification or shelving scheme Damaged status Not for loan Permanent Location Current Location Date acquired Total Checkouts Full call number Barcode Date last seen Date last checked out Price effective from Koha item type
          Military College of Engineering (MCE) Military College of Engineering (MCE) 09/23/2014 1 808.83 HEM MCE-16016 05/20/2020 04/24/2020 09/23/2014 Book
          Military College of Engineering (MCE) Military College of Engineering (MCE) 09/23/2014   808.83 HEM MCE-16017 09/23/2014   09/23/2014 Book
          Military College of Engineering (MCE) Military College of Engineering (MCE) 09/23/2014 2 808.83 HEM MCE-15890 07/27/2020 04/24/2020 09/23/2014 Book
© 2023 Central Library, National University of Sciences and Technology. All Rights Reserved.